Statistics for K-POP Trivia (2021)

Click here to take the quiz!

General Stats

  • This quiz has been taken 103 times
  • The average score is 10 of 13

Answer Stats

QuestionAnswer% Correct
Which artist release the most viewed Korean Group music video, “DDU-DU DDU-DU”?BLACKPINK
100%
Which group was the first to place #1 on the Billboard Hot 100?BTS
98%
Which artist released the most viewed Korean music video, “Gangnam Style”?PSY
98%
Name one of the BIG3 Entertainment CompaniesJYP, SM, YG
96%
Which country was K-POP invented in?South Korea
92%
What name is given to the youngest member of a group?Maknae
90%
Who is the main vocalist of girl group ‘Twice’?Nayeon / Jihyo
83%
What name is given to the ‘prettiest member’ of a group.Visual
83%
Which song, released in 2019, featured American pop singer ‘Halsey’Boy with Luv
79%
Who is the most popular soloist in South KoreaI.U
76%
How many members does boy group Stray Kidz have?Eight
75%
What are the 3 skills present in almost every group? (Alphabetical order)Dancing, Rapping, Singing
38%
Which groups was the first to reach 100 million views on Youtube?2NE1
29%

Score Distribution

Percentile by Number Answered

Percent of People with Each Score

Your Score History

You have not taken this quiz